| 000 | 00453nam a2200157Ia 4500 | ||
|---|---|---|---|
| 008 | 160316s2003 xxu||||| |||| 00| 0 eng d | ||
| 082 |
_a344.041000 _bMON |
||
| 100 | _aMontgomery Jonathan | ||
| 245 | _aHealth care law | ||
| 250 | _a2nd | ||
| 260 |
_aOxford _bOxford University Press _c2003 |
||
| 300 |
_a515p _b _cvii |
||
| 365 | _bRs.1,921.60 | ||
| 650 | _a1. Medical Laws & Legislation - G B 2. Medical Care - Law & Legislation - G B | ||
| 700 |
_a _a |
||
| 999 |
_c19725 _d19725 |
||